000 00572cam a22002053a 4500
001 43773
003 PGUSA
005 20140828084008.0
008 130920s2013||||xxu|||||s|||||000 | eng d
040 _aPGUSA
_beng
042 _adc
100 1 _aBassett, Sara Ware,
_d1872-1968
245 1 0 _aShifting Sands
_h[electronic resource] /
_cSara Ware Bassett
260 _bProject Gutenberg,
_c2013
506 _aPublic domain in the USA.
516 _aElectronic text
830 0 _aProject Gutenberg
_v43773
856 4 0 _uhttp://www.gutenberg.org/ebooks/43773
942 _cEB
999 _c273024
_d273024